Les 20 meilleurs buteurs de ligue 1 - Saisons 2021-2022 - Statistiques

Statistiques générales
  • Ce quiz a été pris 150 fois
  • Le résultat moyen est 15 sur 20
Statistiques - réponses
Joueurs Club Nationalité Nbr de matchs Nbr de buts % Correct
1 Kylian Mbappé PSG France 35 28
100%
2 Wissam Ben Yedder Monaco France 37 25
97%
9 Neymar Jr PSG Brésil 22 13
96%
6 Jonathan David Lille Canada 38 15
94%
10 Karl Toko Ekambi Lyon Cameroun 30 12
89%
5 Andy Delort Nice Algérie 35 18
87%
3 Moussa Dembélé Lyon France 30 21
87%
4 Martin Terrier Rennes France 37 21
85%
11 Dimitri Payet Marseille France 31 12
82%
6 Gaetan Laborde Nice France 38 15
82%
13 Ludovic Ajorque Strasbourg France 36 12
73%
15 Habib Diallo Strasbourg Sénégal 31 11
68%
8 Mohamed Bayo Clermont Guinée 32 14
68%
16 Ui-jo Hwang Bordeaux Corée du sud 32 11
59%
18 Kévin Gameiro Strasbourg France 35 11
58%
19 Benjamin Bourigeaud Rennes France 38 11
50%
13 Randal Kolo Muani Nantes France 36 12
49%
12 Arnaud Kalimuendo Lens France 34 12
44%
17 Franck Honorat Brest France 34 11
44%
20 Hugo Ekitike Reims France 24 10
42%
Aucun quiz correspondant
Distribution des résultats
% des personnes avec chaque résultat
Percentile par nombre de réponses
Votre historique - résultats
Vous n’avez pas pris ce quiz